Indian economy: its nature and problems (Record no. 124741)

MARC details
000 -LEADER
fixed length control field 00457nam a2200181Ia 4500
003 - CONTROL NUMBER IDENTIFIER
control field OSt
005 - DATE AND TIME OF LATEST TRANSACTION
control field 20230307162328.0
008 - FIXED-LENGTH DATA ELEMENTS--GENERAL INFORMATION
fixed length control field 210210b1959 xxu||||| |||| 00| 0 eng d
040 ## - CATALOGING SOURCE
Transcribing agency AL
041 ## - LANGUAGE CODE
Language code of text/sound track or separate title eng
082 ## - DEWEY DECIMAL CLASSIFICATION NUMBER
Classification number 335/13
100 ## - MAIN ENTRY--PERSONAL NAME
Personal name GHOSH (Alak)
9 (RLIN) 74520
245 ## - TITLE STATEMENT
Title Indian economy: its nature and problems
260 ## - PUBLICATION, DISTRIBUTION, ETC.
Place of publication, distribution, etc. Calcutta
Name of publisher, distributor, etc. The World Press Private Ltd.,
Date of publication, distribution, etc. 1959
690 ## - LOCAL SUBJECT ADDED ENTRY--TOPICAL TERM (OCLC, RLIN)
Topical term or geographic name as entry element Indian Economics
9 (RLIN) 74521
906 ## - LOCAL DATA ELEMENT F, LDF (RLIN)
a 004356
942 ## - ADDED ENTRY ELEMENTS (KOHA)
Source of classification or shelving scheme Dewey Decimal Classification
Koha item type Book
Holdings
Withdrawn status Lost status Source of classification or shelving scheme Damaged status Not for loan Collection code Home library Current library Date acquired Cost, normal purchase price Total Checkouts Full call number Barcode Date last seen Price effective from Koha item type
    Dewey Decimal Classification     Economics St Aloysius Library St Aloysius Library 02/17/2021 0.00   335/7 004350 02/17/2021 02/17/2021 Book
    Dewey Decimal Classification     Economics St Aloysius Library St Aloysius Library 02/17/2021 0.00   335/8 004351 02/17/2021 02/17/2021 Book
    Dewey Decimal Classification     Economics St Aloysius Library St Aloysius Library 02/17/2021 0.00   335/9 004352 02/17/2021 02/17/2021 Book
    Dewey Decimal Classification     Economics St Aloysius Library St Aloysius Library 02/17/2021 0.00   335/10 004353 02/17/2021 02/17/2021 Book
    Dewey Decimal Classification     Economics St Aloysius Library St Aloysius Library 02/17/2021 0.00   335/11 004354 02/17/2021 02/17/2021 Book
    Dewey Decimal Classification     Economics St Aloysius Library St Aloysius Library 02/17/2021 0.00   335/12 004355 02/17/2021 02/17/2021 Book
    Dewey Decimal Classification     Economics St Aloysius Library St Aloysius Library 02/17/2021 0.00   335/13 004356 02/17/2021 02/17/2021 Book
    Dewey Decimal Classification     Economics St Aloysius Library St Aloysius Library 02/17/2021 0.00   335/14 004357 02/17/2021 02/17/2021 Book